[Event "Negombo op 2nd"]
[Site "Negombo"]
[Date "2016.08.17"]
[Round "9"]
[White "Weerathilaka, Asiri"]
[Black "De Silva, M Manindu Chanthil"]
[Result "0-1"]
[WhiteElo "1445"]
[BlackElo "1255"]
[PlyCount "56"]
[EventDate "2016.08.13"]
[EventType "swiss"]
[EventRounds "9"]
[EventCountry "SRI"]
[SourceTitle "EXT 2019"]
[Source "ChessBase"]
[SourceDate "2018.10.10"]
[SourceVersion "1"]
[SourceVersionDate "2018.10.10"]
[SourceQuality "1"]

1. d4 d5 2. Nf3 e6 3. Bf4 c5 4. c3 Nc6 5. e3 Nf6 6. Nbd2 cxd4 7. exd4 Be7 8. Bd3 0-0 9. 0-0 h6 10. Ne5 Bd6 11. Ndf3 Nh5 12. Be3 Nf6 13. Re1 Qc7 14. Qd2 Bxe5 15. Nxe5 Nxe5 16. dxe5 Ng4 17. Bf4 f6 18. exf6 e5 19. fxg7 Rxf4 20. Bc2 Be6 21. Re2 Qxg7 22. h3 Nf6 23. Re3 Kh8 24. Rg3 Qf8 25. Rg6 Bf7 26. g3 Bxg6 27. gxf4 Bxc2 28. fxe5 Be4 0-1